00721nam a22002057a 4500003000500000005001700005008004100022010001000063011001000073035001000083040000900093100003100102245014200133260004100275300002200316502010500338650002500443650002400468650002300492CHAP20220329140308.0971013s1985 r 00010 d a49912 a50884 a55034 cCHAP00aVillarreal Garza, Eduardo. aEvaluación de rendimiento y calidad para diferentes densidades de siembra en papa (Solanum tuberosum L.) en la región de Navidad, N.L a(Monterrey, N.L.) :bEl autor,c1985 a53 h.b; gráfs. aTesis (Ing. Agrónomo en Producción) -- ITESM. División de Ciencias Agropecuarias y Marítimas14aPapaxEspaciamiento.14aPapaxNuevo León.14aPapaxRendimiento.